[Event "Tirol Landesliga 2223"]
[Site "Austria"]
[Date "2022.10.02"]
[Round "2.5"]
[White "Schnabl, Andreas"]
[Black "Haselsberger, Armin"]
[Result "0-1"]
[WhiteElo "2047"]
[BlackElo "1634"]
[PlyCount "66"]
[EventDate "2022.10.01"]
[EventType "team-tourn"]
[EventRounds "9"]
[EventCountry "AUT"]
[SourceTitle "EXT 2024"]
[Source "ChessBase"]
[SourceDate "2023.10.10"]
[SourceVersion "1"]
[SourceVersionDate "2023.10.10"]
[SourceQuality "1"]
[WhiteTeam "Absam"]
[BlackTeam "Kufstein/Woergl"]
[WhiteTeamCountry "AUT"]
[BlackTeamCountry "AUT"]

1. e4 c6 2. d4 d5 3. Nc3 dxe4 4. Nxe4 Bf5 5. Ng3 Bg6 6. h4 h6 7. Nf3 Nd7 8. Bd2 e6 9. c4 Ngf6 10. Bc3 Bd6 11. Ne5 Bh7 12. Qe2 0-0 13. 0-0-0 Qc7 14. Nxd7 Qxd7 15. b3 b5 16. c5 Bc7 17. Qf3 Qd5 18. Qxd5 exd5 19. Be2 Rfe8 20. Rhe1 Bxg3 21. fxg3 Ne4 22. Kb2 Nxg3 23. Bf3 Be4 24. Bxe4 Nxe4 25. Ba5 Re6 26. Re2 Rg6 27. Rg1 Rg4 28. h5 Re8 29. a4 a6 30. Bc7 Re6 31. Rge1 Rg5 32. axb5 axb5 33. Rh1 Nxc5 0-1

[Event "EU Union-ch U14 19th"]
[Site "Mureck"]
[Date "2022.08.07"]
[Round "5"]
[White "Haselsberger, Armin"]
[Black "Westerhof, Fleur"]
[Result "1-0"]
[WhiteElo "1694"]
[BlackElo "1515"]
[PlyCount "97"]
[EventDate "2022.08.03"]
[EventType "swiss"]
[EventRounds "9"]
[EventCountry "AUT"]
[SourceTitle "EXT 2023"]
[Source "ChessBase"]
[SourceDate "2022.10.05"]
[SourceVersion "1"]
[SourceVersionDate "2022.10.05"]
[SourceQuality "1"]

1. d4 d5 2. c4 e6 3. Nf3 Nf6 4. g3 c5 5. dxc5 Bxc5 6. Bg2 0-0 7. 0-0 Nc6 8. a3 dxc4 9. Qc2 Qe7 10. Qxc4 e5 11. b4 Bb6 12. Bb2 e4 13. Ng5 e3 14. f4 h6 15. Bxc6 bxc6 16. Nf3 Ne4 17. Ne5 Nd2 18. Nxd2 exd2+ 19. Bd4 Bxd4+ 20. Qxd4 Rd8 21. Nxc6 Rxd4 22. Nxe7+ Kf8 23. Nxc8 Rxc8 24. Kf2 Rcd8 25. Rfd1 Rc4 26. Ra2 Rc3 27. a4 Rb3 28. b5 Rb4 29. Rdxd2 Rxd2 30. Rxd2 Rxa4 31. Rd8+ Ke7 32. Ra8 Ra5 33. Rb8 Kd6 34. Rb7 Ke6 35. h3 Kf6 36. g4 g6 37. Kf3 Kg7 38. Ke4 Ra2 39. e3 Ra5 40. Kd4 a6 41. b6 Rb5 42. Kc4 Kf6 43. Rb8 Ke6 44. b7 Kd6 45. Rd8+ Kc7 46. Rf8 Rxb7 47. Rxf7+ Kb8 48. Rxb7+ Kxb7 49. f5 1-0

[Event "EU Union-ch U14 19th"]
[Site "Mureck"]
[Date "2022.08.06"]
[Round "4"]
[White "Todorova, Daniela"]
[Black "Haselsberger, Armin"]
[Result "0-1"]
[WhiteElo "1042"]
[BlackElo "1694"]
[PlyCount "44"]
[EventDate "2022.08.03"]
[EventType "swiss"]
[EventRounds "9"]
[EventCountry "AUT"]
[SourceTitle "EXT 2023"]
[Source "ChessBase"]
[SourceDate "2022.10.05"]
[SourceVersion "1"]
[SourceVersionDate "2022.10.05"]
[SourceQuality "1"]

1. e4 c6 2. d4 d5 3. Nc3 dxe4 4. Nxe4 Bf5 5. Ng3 Bg6 6. h4 h6 7. h5 Bh7 8. Nf3 Nd7 9. Bc4 e6 10. Qe2 Ngf6 11. Bf4 Nd5 12. Bd2 Be7 13. 0-0-0 Qc7 14. Rde1 0-0 15. Nh4 Kh8 16. Qf3 N7f6 17. Bd3 Rac8 18. Ne4 Nxe4 19. Bxe4 Bxe4 20. Rxe4 c5 21. g4 cxd4 22. Rxd4 Qxc2# 0-1

[Event "EU Union-ch U14 19th"]
[Site "Mureck"]
[Date "2022.08.04"]
[Round "2"]
[White "Neuhoff, Laertes"]
[Black "Haselsberger, Armin"]
[Result "1-0"]
[WhiteElo "1997"]
[BlackElo "1694"]
[PlyCount "117"]
[EventDate "2022.08.03"]
[EventType "swiss"]
[EventRounds "9"]
[EventCountry "AUT"]
[SourceTitle "EXT 2023"]
[Source "ChessBase"]
[SourceDate "2022.10.05"]
[SourceVersion "1"]
[SourceVersionDate "2022.10.05"]
[SourceQuality "1"]

1. e4 c6 2. d4 d5 3. exd5 cxd5 4. c4 Nf6 5. Nc3 Nc6 6. Bg5 Be6 7. Be2 Qa5 8. c5 Ne4 9. Bd2 Nxd2 10. Qxd2 g6 11. Bb5 Bg7 12. h3 0-0 13. Nf3 Rad8 14. 0-0 a6 15. Ba4 Qc7 16. Rfe1 Rfe8 17. Re2 Bc8 18. Rae1 e6 19. a3 b5 20. Bb3 Kf8 21. Ba2 b4 22. axb4 Nxb4 23. Nb5 Qb7 24. Qxb4 Qxb5 25. Qxb5 axb5 26. Ne5 Bxe5 27. Rxe5 Bb7 28. f4 Ra8 29. Bb3 Ra6 30. g4 f5 31. gxf5 gxf5 32. Bc2 Kf7 33. Bxf5 Rg8+ 34. Kf2 Bc8 35. Bxh7 Rh8 36. Rh5 Kg7 37. Rg1+ Kf8 38. Bg6 Rxh5 39. Bxh5 Ra4 40. Rd1 Rb4 41. Rd2 Kg7 42. Bg4 Kf6 43. h4 Bd7 44. h5 Be8 45. Kg3 Bf7 46. Rc2 Ra4 47. Be2 Ra7 48. Bxb5 Bxh5 49. c6 Rc7 50. b4 Be8 51. Ba4 Ra7 52. c7 Rxc7 53. Rxc7 Bxa4 54. Ra7 Be8 55. Rb7 Kf5 56. Kf3 Bh5+ 57. Ke3 Be8 58. b5 Kf6 59. b6 1-0

[Event "AUT-ch U14"]
[Site "St Veit"]
[Date "2022.04.12"]
[Round "4"]
[White "Haselsberger, Armin"]
[Black "Feiertag, Jonas"]
[Result "1/2-1/2"]
[WhiteElo "1537"]
[BlackElo "1289"]
[PlyCount "73"]
[EventDate "2022.04.10"]
[EventType "swiss"]
[EventRounds "7"]
[EventCountry "AUT"]
[SourceTitle "EXT 2023"]
[Source "ChessBase"]
[SourceDate "2022.10.05"]
[SourceVersion "1"]
[SourceVersionDate "2022.10.05"]
[SourceQuality "1"]

1. d4 d5 2. c4 e6 3. Nf3 Nf6 4. g3 Nbd7 5. Bg2 b6 6. 0-0 Bb7 7. Nbd2 Be7 8. b3 0-0 9. Bb2 c5 10. e3 Rc8 11. Ne5 Ba6 12. Rc1 cxd4 13. exd4 Bb4 14. a3 Bxd2 15. Qxd2 Nxe5 16. dxe5 Nd7 17. Rfd1 Nc5 18. Qe3 Rc7 19. cxd5 exd5 20. Rxd5 Rd7 21. Rcd1 Rxd5 22. Bxd5 Qe7 23. Bd4 Ne6 24. Bb2 Rd8 25. Bf3 Nc5 26. Qc3 Rxd1+ 27. Bxd1 Bb7 28. Bf3 h6 29. Kg2 Ne4 30. Qd4 Ng5 31. Bd5 Qd7 32. Bxb7 Qxb7+ 33. Kf1 Qh1+ 34. Ke2 Qf3+ 35. Ke1 Qh1+ 36. Ke2 Qf3+ 37. Ke1 1/2-1/2

[Event "AUT-ch U12"]
[Site "St Veit"]
[Date "2021.10.25"]
[Round "2.3"]
[White "Balint, Peter1111"]
[Black "Haselsberger, Armin"]
[Result "1-0"]
[WhiteElo "1983"]
[BlackElo "1536"]
[PlyCount "69"]
[EventDate "2021.10.25"]
[EventType "swiss"]
[EventRounds "5"]
[EventCountry "AUT"]
[SourceTitle "EXT 2023"]
[Source "ChessBase"]
[SourceDate "2022.10.05"]
[SourceVersion "1"]
[SourceVersionDate "2022.10.05"]
[SourceQuality "1"]

1. e4 c6 2. d4 d5 3. exd5 cxd5 4. c4 Nf6 5. Nc3 Nc6 6. Bg5 e6 7. Nf3 Be7 8. c5 0-0 9. Bb5 Bd7 10. 0-0 h6 11. Bf4 a5 12. Rc1 Nh5 13. Be3 Nf6 14. a3 Na7 15. Bd3 Nc6 16. Na4 Be8 17. Nb6 Ra7 18. Qd2 Ne4 19. Qe1 f5 20. b4 g5 21. b5 Nb8 22. Ne5 Nd7 23. Nbxd7 Bxd7 24. f3 Nf6 25. Bd2 Be8 26. Kh1 Nd7 27. c6 Nxe5 28. Qxe5 Bf7 29. c7 Qd7 30. h4 Bg6 31. Rfe1 Kf7 32. b6 Bd6 33. Qxe6+ Qxe6 34. Rxe6 Kxe6 35. bxa7 1-0

[Event "EU Union-ch U12 18th"]
[Site "Mureck"]
[Date "2021.08.12"]
[Round "9"]
[White "Haselsberger, Armin"]
[Black "Krasteva, Yoana"]
[Result "1/2-1/2"]
[WhiteElo "1536"]
[BlackElo "1194"]
[PlyCount "107"]
[EventDate "2021.08.04"]
[EventType "swiss"]
[EventRounds "9"]
[EventCountry "AUT"]
[SourceTitle "EXT 2022"]
[Source "ChessBase"]
[SourceDate "2021.10.06"]
[SourceVersion "1"]
[SourceVersionDate "2021.10.06"]
[SourceQuality "1"]

1. d4 Nf6 2. Bf4 c5 3. e3 Qb6 4. Nc3 cxd4 5. exd4 a6 6. a3 g6 7. Nf3 Bg7 8. Be2 0-0 9. 0-0 d6 10. Qd2 Bf5 11. b3 Nc6 12. Be3 Qc7 13. Bd3 Bxd3 14. Qxd3 Rac8 15. Na2 e5 16. dxe5 dxe5 17. Qe2 e4 18. Nd2 Ne5 19. Rac1 Neg4 20. g3 Nxe3 21. Qxe3 Rfe8 22. c4 Rcd8 23. Qe2 Qd7 24. Rfd1 Qd3 25. Qxd3 exd3 26. Nc3 Bh6 27. h4 Re7 28. f4 Rde8 29. Nf1 Rd7 30. Kg2 Kf8 31. Kf3 Bg7 32. Rd2 Red8 33. g4 Ne8 34. Ne4 Nc7 35. Nc5 Re7 36. Rxd3 Rxd3+ 37. Nxd3 Ne6 38. b4 Nd4+ 39. Kg2 Ne2 40. Rd1 Nc3 41. Re1 Rxe1 42. Nxe1 Ne2 43. Kf3 Nd4+ 44. Ke3 Ke7 45. Nd2 f5 46. g5 Kd6 47. Nef3 Nc2+ 48. Kd3 Nxa3 49. Nh2 b6 50. Nhf1 b5 51. c5+ Kd5 52. Ne3+ Kc6 53. Nd1 h6 54. Ne3 1/2-1/2

[Event "AUT-ch U12 Online Rapid"]
[Site "Playchess.com INT"]
[Date "2020.12.13"]
[Round "5"]
[White "Haselsberger, Armin"]
[Black "Balint, Peter1111"]
[Result "0-1"]
[WhiteElo "1803"]
[BlackElo "1780"]
[PlyCount "88"]
[EventDate "2020.12.13"]
[EventType "swiss (rapid)"]
[EventRounds "7"]
[EventCountry "AUT"]
[SourceTitle "EXT 2022"]
[Source "ChessBase"]
[SourceDate "2021.10.06"]
[SourceVersion "1"]
[SourceVersionDate "2021.10.06"]
[SourceQuality "1"]

1. d4 Nf6 2. Bf4 g6 3. e3 d5 4. c4 Bg7 5. Nc3 0-0 6. Nf3 dxc4 7. Bxc4 c5 8. h3 Nc6 9. dxc5 Qa5 10. 0-0 Qxc5 11. Bb3 Rd8 12. Qe2 e5 13. Bh2 e4 14. Nd2 Qe7 15. Rfd1 Be6 16. Bc2 Bf5 17. a3 h5 18. Rac1 Rac8 19. Bb1 a6 20. Bf4 Qe6 21. Bg5 Rxd2 22. Rxd2 Nh7 23. Bf4 g5 24. Bh2 g4 25. hxg4 Bxg4 26. Qe1 f5 27. Bf4 Kh8 28. Ba2 Qg6 29. Rd6 Nf6 30. Nd5 Bf3 31. Qf1 Rf8 32. Bg3 Bg4 33. Nf4 Qh7 34. Ne6 Re8 35. Nf4 h4 36. Bh2 Qh6 37. Bf7 Rf8 38. Ng6+ Kh7 39. Nxf8+ Bxf8 40. Rd2 h3 41. g3 Bf3 42. Bc4 Bg2 43. Qe1 Ne5 44. Bf1 Nf3# 0-1

[Event "AUT-ch U12 Online Rapid"]
[Site "Playchess.com INT"]
[Date "2020.12.13"]
[Round "2"]
[White "Haselsberger, Armin"]
[Black "Ernst, Robert"]
[Result "1/2-1/2"]
[WhiteElo "1821"]
[BlackElo "1659"]
[PlyCount "75"]
[EventDate "2020.12.13"]
[EventType "swiss (rapid)"]
[EventRounds "7"]
[EventCountry "AUT"]
[SourceTitle "EXT 2022"]
[Source "ChessBase"]
[SourceDate "2021.10.06"]
[SourceVersion "1"]
[SourceVersionDate "2021.10.06"]
[SourceQuality "1"]

1. d4 d5 2. Bf4 Nf6 3. e3 e6 4. c4 c6 5. Nc3 Nbd7 6. Nf3 Be7 7. Be2 0-0 8. h3 Re8 9. 0-0 Nf8 10. Rc1 Ng6 11. Bh2 Bd6 12. Bxd6 Qxd6 13. cxd5 exd5 14. Re1 Ne4 15. Bf1 Nxc3 16. bxc3 Bf5 17. c4 Be4 18. Bd3 Bxd3 19. Qxd3 Rac8 20. c5 Qd7 21. Rb1 f6 22. Re2 Rb8 23. Reb2 Re7 24. a4 Qc7 25. Qc3 b6 26. Nd2 Ree8 27. Rc2 b5 28. axb5 Rxb5 29. Rxb5 cxb5 30. Nb3 a6 31. Qa5 Rc8 32. Qxc7 Rxc7 33. Ra2 Ra7 34. Kf1 Kf7 35. Ke2 Ke6 36. Nc1 Ne7 37. Nb3 Nc6 38. Na5 1/2-1/2

[Event "AUT-chT District U18 Online Rapid"]
[Site "Playchess.com INT"]
[Date "2020.12.12"]
[Round "7"]
[White "Borrmann, Laurenz"]
[Black "Haselsberger, Armin"]
[Result "0-1"]
[WhiteElo "1973"]
[BlackElo "1776"]
[PlyCount "154"]
[EventDate "2020.12.12"]
[EventType "team-swiss (rapid)"]
[EventRounds "9"]
[EventCountry "AUT"]
[SourceTitle "EXT 2022"]
[Source "ChessBase"]
[SourceDate "2021.10.06"]
[SourceVersion "1"]
[SourceVersionDate "2021.10.06"]
[SourceQuality "1"]

1. e4 c6 2. Nc3 d5 3. Nf3 dxe4 4. Nxe4 Bg4 5. Bc4 e6 6. 0-0 Nd7 7. h3 Bh5 8. Ng3 Bg6 9. d4 Ngf6 10. Qe2 Bd6 11. Ne5 Qe7 12. a4 Nb6 13. Nxg6 hxg6 14. Bd3 Nbd5 15. Ne4 Nxe4 16. Bxe4 Bc7 17. f4 Qf6 18. c3 Rh4 19. Bxd5 cxd5 20. Qb5+ Kd8 21. Qxb7 Rc8 22. Qxa7 Qf5 23. Qa6 Kd7 24. Qb5+ Kd6 25. b3 Ke7 26. Ba3+ Kd8 27. Qc5 Qf6 28. a5 Bxf4 29. Qb6+ Kd7 30. Qb5+ Kd8 31. Qe2 Qg5 32. a6 Qg3 33. Rxf4 Rxf4 34. Bd6 Qxc3 35. Re1 Re4 36. Qb5 Rxe1+ 37. Kh2 Qc6 38. Qa5+ Kd7 39. Bf4 Re4 40. Bg3 f5 41. a7 Ra8 42. Be5 Re2 43. Qb4 Re4 44. Qd2 Rxa7 45. Qg5 Qc8 46. Qxg6 Qe8 47. Qxg7+ Qe7 48. Qg6 Kc6 49. Qg3 Ra2 50. Qc3+ Kb5 51. Qc8 Kb4 52. Qb8+ Kc3 53. Qc8+ Kd3 54. Qc1 Ree2 55. Qd1+ Rad2 56. Qb1+ Ke3 57. Qg1+ Ke4 58. Qf1 Rxg2+ 59. Kh1 Rh2+ 60. Kg1 Rdg2+ 61. Qxg2+ Rxg2+ 62. Kxg2 Qb4 63. h4 Qxb3 64. h5 Qb7 65. Kg3 Qh7 66. Kh4 f4 67. Kg4 f3 68. Bg3 Qh6 69. Bf2 Qf4+ 70. Kh3 Qg5 71. Bh4 Qxh5 72. Kg3 Kf5 73. Bd8 Qg4+ 74. Kf2 Ke4 75. Bc7 Qg2+ 76. Ke1 f2+ 77. Kd1 f1Q# 0-1

[Event "AUT-chT District U18 Online Rapid"]
[Site "Playchess.com INT"]
[Date "2020.12.12"]
[Round "5"]
[White "Katter, Katharina"]
[Black "Haselsberger, Armin"]
[Result "1-0"]
[WhiteElo "1832"]
[BlackElo "1805"]
[PlyCount "93"]
[EventDate "2020.12.12"]
[EventType "team-swiss (rapid)"]
[EventRounds "9"]
[EventCountry "AUT"]
[SourceTitle "EXT 2022"]
[Source "ChessBase"]
[SourceDate "2021.10.06"]
[SourceVersion "1"]
[SourceVersionDate "2021.10.06"]
[SourceQuality "1"]

1. d4 Nf6 2. Nf3 e6 3. e3 d5 4. c4 c6 5. Nc3 Nbd7 6. Qc2 Bd6 7. b3 0-0 8. Be2 Re8 9. Bb2 Nf8 10. 0-0 Ng6 11. e4 dxe4 12. Nxe4 Be7 13. Rad1 Bd7 14. Ne5 Rc8 15. Nc5 Bxc5 16. dxc5 Qe7 17. Rd6 Rcd8 18. Rfd1 Bc8 19. Bf3 Nxe5 20. Bxe5 Nd7 21. Bb2 Nxc5 22. Rxd8 Rxd8 23. Rxd8+ Qxd8 24. Qc3 f6 25. Qe3 Na6 26. h4 Qa5 27. a3 Qf5 28. Be4 Qg4 29. Qd3 e5 30. Bxh7+ Kh8 31. Bg6 Qd7 32. Qe2 Qg4 33. Qd3 Qd7 34. Qc2 Nc7 35. h5 a6 36. Bc1 b5 37. h6 Ne8 38. cxb5 axb5 39. Be3 Nc7 40. Qc5 Ne6 41. Qc2 Nd4 42. Qd1 c5 43. Qh5 Kg8 44. Bf7+ Kh8 45. Qg6 Ne2+ 46. Kh2 Nf4 47. hxg7# 1-0

[Event "AUT-ch U12 Online Blitz"]
[Site "Playchess.com INT"]
[Date "2020.12.11"]
[Round "2"]
[White "Ernst, Robert"]
[Black "Haselsberger, Armin"]
[Result "1-0"]
[WhiteElo "1620"]
[BlackElo "1719"]
[PlyCount "99"]
[EventDate "2020.12.11"]
[EventType "swiss (blitz)"]
[EventRounds "7"]
[EventCountry "AUT"]
[SourceTitle "EXT 2022"]
[Source "ChessBase"]
[SourceDate "2021.10.06"]
[SourceVersion "1"]
[SourceVersionDate "2021.10.06"]
[SourceQuality "1"]

1. e4 c6 2. d4 d5 3. Nd2 dxe4 4. Nxe4 Bf5 5. Ng3 Bg6 6. Nf3 Nd7 7. h4 h6 8. h5 Bh7 9. Bd3 Bxd3 10. Qxd3 e6 11. Bd2 Ngf6 12. 0-0-0 Bd6 13. Ne4 Nxe4 14. Qxe4 Nf6 15. Qe2 a5 16. Kb1 b5 17. Ne5 Qb6 18. c3 Rb8 19. g4 a4 20. Rhe1 Kf8 21. Nxf7 Kxf7 22. Qxe6+ Kf8 23. Qxd6+ Kg8 24. Qe6+ Kh7 25. g5 hxg5 26. Bxg5 Rhf8 27. h6 Rbe8 28. Qf5+ Kg8 29. Bxf6 Rxe1 30. Rxe1 Rxf6 31. Qc8+ Kf7 32. hxg7 Kxg7 33. Qg4+ Kf7 34. Qd7+ Kg6 35. Re3 Qb8 36. Rg3+ Qxg3 37. fxg3 Rf1+ 38. Kc2 Rf2+ 39. Kc1 Rf1+ 40. Kd2 Rf2+ 41. Ke3 Rf7 42. Qxc6+ Rf6 43. Qxb5 Re6+ 44. Kf4 Rf6+ 45. Kg4 Kf7 46. d5 Rg6+ 47. Kf3 Rf6+ 48. Kg2 Kg6 49. Qc6 Kg5 50. d6 1-0

[Event "AUT-ch U12 Online Blitz"]
[Site "Playchess.com INT"]
[Date "2020.12.11"]
[Round "3"]
[White "Haselsberger, Armin"]
[Black "Kriha, Tobias"]
[Result "1-0"]
[WhiteElo "1658"]
[BlackElo "1620"]
[PlyCount "67"]
[EventDate "2020.12.11"]
[EventType "swiss (blitz)"]
[EventRounds "7"]
[EventCountry "AUT"]
[SourceTitle "EXT 2022"]
[Source "ChessBase"]
[SourceDate "2021.10.06"]
[SourceVersion "1"]
[SourceVersionDate "2021.10.06"]
[SourceQuality "1"]

1. d4 d5 2. Bf4 Nc6 3. e3 Nf6 4. c4 dxc4 5. Bxc4 e6 6. Nc3 Bb4 7. a3 Bxc3+ 8. bxc3 0-0 9. Bd3 b6 10. Nf3 Bb7 11. 0-0 Re8 12. Re1 Na5 13. e4 Nb3 14. Qxb3 Rc8 15. Bg5 c5 16. e5 Bxf3 17. Bxf6 gxf6 18. gxf3 fxe5 19. Rxe5 cxd4 20. c4 Qf6 21. Re4 Qg6+ 22. Rg4 Qxg4+ 23. fxg4 a6 24. Re1 b5 25. cxb5 axb5 26. Bb1 Rc3 27. Qxb5 Rxa3 28. Qxe8+ Kg7 29. Qe7 Ra1 30. g5 h6 31. Qf6+ Kf8 32. gxh6 d3 33. h7 d2 34. h8Q# 1-0

[Event "AUT-ch U12 Online Blitz"]
[Site "Playchess.com INT"]
[Date "2020.12.11"]
[Round "6"]
[White "Pilshofer, Paul"]
[Black "Haselsberger, Armin"]
[Result "1-0"]
[WhiteElo "1890"]
[BlackElo "1784"]
[PlyCount "48"]
[EventDate "2020.12.11"]
[EventType "swiss (blitz)"]
[EventRounds "7"]
[EventCountry "AUT"]
[SourceTitle "EXT 2022"]
[Source "ChessBase"]
[SourceDate "2021.10.06"]
[SourceVersion "1"]
[SourceVersionDate "2021.10.06"]
[SourceQuality "1"]

1. d4 Nf6 2. Nf3 e6 3. g3 d5 4. c4 c6 5. Bg2 Nbd7 6. 0-0 b6 7. Nc3 Bd6 8. Nd2 0-0 9. e4 dxe4 10. Ndxe4 Be7 11. d5 cxd5 12. cxd5 exd5 13. Nxd5 Nxd5 14. Qxd5 Ba6 15. Rd1 Nf6 16. Nxf6+ Bxf6 17. Qb3 Qc7 18. Bxa8 Rxa8 19. Bf4 Qc4 20. Qf3 Re8 21. Rac1 Qb5 22. b3 Qb4 23. Qc6 Bb2 24. Qxe8+ Qf8 1-0

[Event "AUT-ch Vor2 Internet"]
[Site "Playchess.com INT"]
[Date "2020.04.13"]
[Round "3"]
[White "Gall, Bernhard"]
[Black "Haselsberger, Armin"]
[Result "1-0"]
[WhiteElo "1244"]
[BlackElo "1395"]
[PlyCount "91"]
[EventDate "2020.04.13"]
[EventType "swiss (blitz)"]
[EventRounds "9"]
[EventCountry "AUT"]
[SourceTitle "CBM 195 Extra"]
[Source "ChessBase"]
[SourceDate "2020.05.31"]
[SourceVersion "1"]
[SourceVersionDate "2020.05.31"]
[SourceQuality "1"]

1. e4 c6 2. d4 d5 3. exd5 cxd5 4. Nc3 Bf5 5. Bb5+ Nc6 6. Nf3 Nf6 7. Bf4 Qb6 8. 0-0 a6 9. Bxc6+ bxc6 10. Na4 Qb5 11. b3 e6 12. Nc5 Bxc5 13. dxc5 Qxc5 14. Qd4 Qxd4 15. Nxd4 Kd7 16. Nxf5 exf5 17. Rfe1 Rhe8 18. Kf1 h6 19. Rxe8 Rxe8 20. Re1 g5 21. Rxe8 Nxe8 22. Be5 Nd6 23. Bxd6 Kxd6 24. Ke2 Ke5 25. Ke3 f6 26. g3 c5 27. c3 f4+ 28. gxf4+ gxf4+ 29. Kd3 Kf5 30. f3 Kg5 31. Ke2 Kh4 32. Kf2 Kh3 33. c4 d4 34. b4 Kxh2 35. bxc5 h5 36. c6 d3 37. Ke1 h4 38. c7 h3 39. c8Q Kg2 40. Qg8+ Kxf3 41. Qg1 f5 42. c5 h2 43. Qxh2 Ke3 44. Qd2+ Ke4 45. c6 f3 46. Kf2 1-0

[Event "AUT-ch Vor2 Internet"]
[Site "Playchess.com INT"]
[Date "2020.04.13"]
[Round "2"]
[White "Haselsberger, Armin"]
[Black "Flir, Emilio"]
[Result "0-1"]
[WhiteElo "1395"]
[BlackElo "1843"]
[PlyCount "86"]
[EventDate "2020.04.13"]
[EventType "swiss (blitz)"]
[EventRounds "9"]
[EventCountry "AUT"]
[SourceTitle "CBM 195 Extra"]
[Source "ChessBase"]
[SourceDate "2020.05.31"]
[SourceVersion "1"]
[SourceVersionDate "2020.05.31"]
[SourceQuality "1"]

1. d4 d5 2. Bf4 Nf6 3. e3 e6 4. c4 c5 5. Nc3 cxd4 6. exd4 Nc6 7. Nf3 Be7 8. cxd5 Nxd5 9. Nxd5 Qxd5 10. Be2 0-0 11. 0-0 Rd8 12. Be3 Bf6 13. b3 Nxd4 14. Nxd4 Bxd4 15. Bc4 Qe5 16. Bxd4 Rxd4 17. Qc2 Bd7 18. Rfe1 Qg5 19. Re3 Bc6 20. Rg3 Qf6 21. Rd1 Rad8 22. Rdd3 Rxd3 23. Bxd3 Qa1+ 24. Bf1 Bb5 25. h3 Qxf1+ 26. Kh2 Qd1 27. Qc3 Qd4 28. Qc7 g6 29. Qxb7 a6 30. Qe7 Qd6 31. Qg5 Bc6 32. Qf6 Rd7 33. Qg5 Qe7 34. Qa5 h5 35. Qxa6 h4 36. Re3 Qd6+ 37. g3 hxg3+ 38. Rxg3 Qd5 39. Rg1 Qf3 40. Qf1 Rd2 41. h4 Rxf2+ 42. Qxf2 Qxf2+ 43. Rg2 Qxg2# 0-1

[Event "AUT-ch Vor2 Internet"]
[Site "Playchess.com INT"]
[Date "2020.04.13"]
[Round "5"]
[White "Haselsberger, Armin"]
[Black "Kanzian, Heinz"]
[Result "1-0"]
[WhiteElo "1395"]
[BlackElo "1642"]
[PlyCount "77"]
[EventDate "2020.04.13"]
[EventType "swiss (blitz)"]
[EventRounds "9"]
[EventCountry "AUT"]
[SourceTitle "CBM 195 Extra"]
[Source "ChessBase"]
[SourceDate "2020.05.31"]
[SourceVersion "1"]
[SourceVersionDate "2020.05.31"]
[SourceQuality "1"]

1. d4 d5 2. Bf4 e6 3. e3 Be7 4. c4 Bg5 5. Bxg5 Qxg5 6. Nf3 Qd8 7. Nc3 c6 8. Rc1 Bd7 9. Qb3 b6 10. cxd5 exd5 11. Bd3 Nf6 12. 0-0 h6 13. Rfe1 0-0 14. e4 dxe4 15. Nxe4 Nxe4 16. Bxe4 Be6 17. Qc3 Bd5 18. Bxd5 cxd5 19. Qc7 Qxc7 20. Rxc7 Na6 21. Rd7 Nb4 22. a3 Nd3 23. Re3 Rac8 24. h3 Nxb2 25. Rxd5 Nc4 26. Rb3 Na5 27. Rb1 Rc3 28. Rd7 Ra8 29. a4 Ra3 30. Rb4 Nb3 31. d5 Nc1 32. Ne5 Ne2+ 33. Kh2 f6 34. Nc6 Kf8 35. d6 Rd3 36. Nxa7 Nd4 37. Rxb6 Nf5 38. Nb5 Rxa4 39. Rb8# 1-0

[Event "AUT-ch U10"]
[Site "St Kanzian"]
[Date "2019.06.22"]
[Round "6"]
[White "Burgstaller, Bastian"]
[Black "Haselsberger, Armin"]
[Result "0-1"]
[WhiteElo "1212"]
[BlackElo "1130"]
[PlyCount "60"]
[EventDate "2019.06.21"]
[EventType "swiss"]
[EventRounds "7"]
[EventCountry "AUT"]
[SourceTitle "CBM 191 Extra"]
[Source "ChessBase"]
[SourceDate "2019.09.30"]
[SourceVersion "1"]
[SourceVersionDate "2019.09.30"]
[SourceQuality "1"]

1. e4 c6 2. d4 d5 3. exd5 cxd5 4. Nf3 Bf5 5. Nc3 Nf6 6. Bb5+ Nc6 7. Ne5 Rc8 8. Bf4 e6 9. 0-0 Be7 10. Re1 0-0 11. Qf3 Nxd4 12. Qd1 Nxc2 13. Qf3 Nxa1 14. Rxa1 Bd6 15. Qg3 Bxe5 16. Bxe5 Bg6 17. Bd6 a6 18. Bxf8 Qxf8 19. Be2 Qb4 20. Rb1 Bxb1 21. Nxb1 Qe1+ 22. Bf1 Qxb1 23. b3 Qxa2 24. h3 Qb1 25. h4 h6 26. Qe3 Rc1 27. Qe2 Qxb3 28. Qd2 Qd1 29. Qxd1 Rxd1 30. g3 a5 0-1